Normal view
MARC view
Entry Personal Name
001 - CONTROL NUMBER
- control field: 562356
003 - CONTROL NUMBER IDENTIFIER
- control field: OSt
005 - DATE AND TIME OF LATEST TRANSACTION
- control field: 20220930193454.0
008 - FIXED-LENGTH DATA ELEMENTS
- fixed length control field: 220930|| aca||aabn | a|a d
040 ## - CATALOGING SOURCE
- Original cataloging agency: OSt
- Transcribing agency: OSt
100 ## - HEADING--PERSONAL NAME
- Personal name: Nayak Pradeepta Kumar
670 ## - SOURCE DATA FOUND
- Source citation: Work cat.: (OSt)896532: Nayak Pradeepta Kumar, India's relations with the front-line states of Southern Africa (1971-86), 1988
